| 000 | 00527nam a2200169 i 4500 | ||
|---|---|---|---|
| 001 | 68052 | ||
| 003 | ES-MaACL | ||
| 005 | 20230906170209.0 | ||
| 007 | t| | ||
| 008 | 040217s1963 sp ||||1| spa d | ||
| 100 | 1 |
_aGamow, George. _953809 |
|
| 245 | 1 | 3 |
_aLa creación del universo / _cGeorge Gamow ; traducción del inglés por Manuel Pérez Sama. |
| 260 |
_aMadrid : _bEspasa-Calpe, _c1963. |
||
| 300 |
_a200 p., 12 lám. : _bil. ; _c21 cm. |
||
| 700 | 1 |
_aPérez Sama, Manuel. _991139 |
|
| 852 |
_aES-MaACL _jC-24643 _bR.53381 |
||
| 999 |
_c68052 _d68052 |
||